| Tag |
First Indicator |
Second Indicator |
Subfields |
| LEADER |
00000cam a22000001 4500 |
| 001 |
in00000336192 |
| 005 |
20151011055037.0 |
| 008 |
741211s1945 nyu 000 1 eng |
| 010 |
|
|
|a 45004133
|
| 035 |
|
|
|a (OCoLC)ocm01107851
|
| 040 |
|
|
|a DLC
|c TLM
|d DLC
|d UtOrBLW
|
| 041 |
1 |
|
|a eng
|h spa
|
| 049 |
|
|
|a TXAM
|
| 050 |
0 |
0 |
|a PZ3.A321
|b Sc
|
| 090 |
|
|
|a PQ6502
|b .S2313 1945
|
| 100 |
1 |
|
|a Alarcón, Pedro Antonio de,
|d 1833-1891.
|
| 245 |
1 |
4 |
|a The scandal /
|c by Pedro Antonio de Alarcón, translated from the Spanish by Philip H. Riley and Hubert James Tunney.
|
| 264 |
|
1 |
|a New York :
|b A.A. Knopf,
|c 1945.
|
| 300 |
|
|
|a 2 preliminary leaves, [vii]-ix, 382 pages, 1 leaf ;
|c 19 cm.
|
| 336 |
|
|
|a text
|b txt
|2 rdacontent
|
| 337 |
|
|
|a unmediated
|b n
|2 rdamedia
|
| 338 |
|
|
|a volume
|b nc
|2 rdacarrier
|
| 500 |
|
|
|a "First American edition."
|
| 700 |
1 |
|
|a Riley, Philip Henry,
|d 1898-
|e translator.
|
| 700 |
1 |
|
|a Tunney, Hubert James,
|e translator.
|
| 994 |
|
|
|a E0
|b TXA
|
| 999 |
|
|
|a MARS
|
| 999 |
f |
f |
|s 68d05c1f-1163-3993-9f17-59f11849773d
|i d8556cd5-df24-303b-b620-407a94e4ad6c
|t 0
|
| 952 |
f |
f |
|p ric
|a Texas A&M University
|b Rellis Campus
|c Joint Library Facility
|d Remote Storage
|t 0
|e PQ6502 .S2313 1945
|h Library of Congress classification
|i unmediated -- volume
|m A14804193886
|
| 998 |
f |
f |
|a PQ6502 .S2313 1945
|t 0
|l Remote Storage
|